000 00751nam a22002055i 4500
001 177589
003 ES-MaACL
005 20230906220353.0
008 110405s1963 sp |||| | spa d
080 _a347.453.3(460)(094.5)
100 1 _aMartín Blanco, José.
_977418
245 1 3 _aLa construcción como causa extintiva del arrendamiento urbano /
_cpor José Martín Blanco.
260 _aMadrid :
_bMontecorvo,
_c1963.
300 _a176 p. ;
_c24 cm.
490 1 _aMonografías. Colección de estudios jurídicos ;
_v1
650 4 _aArrendamiento urbano-
_zEspaña-
_vLegislación.
_910065
830 0 _aMonografías. Colección de estudios jurídicos ;
_v1
_9190484
852 _aES-MaACL
_jE-14792
_xOlim P-860-bis
999 _c177589
_d177589